| 000 | 00923nam a2200217 i 4500 | ||
|---|---|---|---|
| 001 | 140622 | ||
| 003 | ES-MaACL | ||
| 005 | 20230906200121.0 | ||
| 008 | 070214s1975 sp a |||| | spa d | ||
| 245 | 0 | 0 |
_aPersonajes inmortales de la escena universal _b: seis conferencias en torno al Día Mundial del Teatro : Madrid, 1975. |
| 260 |
_aMadrid : _bCentro Español del Instituto Internacional del Teatro, _c1975. |
||
| 300 |
_a109 p. : _bil. ; _c25 cm. |
||
| 490 | 1 |
_aMonográfica del Centro Español del Instituto Internacional de Teatro ; _v6 |
|
| 500 | _aÍndice. | ||
| 650 | 4 |
_aPersonajes literarios. _915970 |
|
| 650 | 4 |
_aTeatro (Género literario)- _xHistoria y crítica. _917365 |
|
| 710 | 2 |
_aInstituto Internacional del Teatro. _bCentro Español. _92733 |
|
| 830 | 0 |
_aMonográfica del Centro Español del Instituto Internacional de Teatro ; _v6 _9220345 |
|
| 852 |
_aES-MaACL _jA-7078 |
||
| 999 |
_c140622 _d140622 |
||